000 00672nam a2200229Ia 4500
003 OSt
005 20220926033905.0
006 a|||||r|||| 00| 0
007 ta
008 220923b |||||||| |||| 00| 0 eng d
037 _cGeneral Book
040 _aRTL
_cRTL
_beng
041 _2eng
_aeng
082 _aX9(J)N52.2.N7, L1
100 _aLinton Erica
_9134555
245 0 _aFragments of a vision
_b A journey through India's G
260 _aVaranasi
_bSarva Seva Singh Prakashan
_c1971
300 _a271p.
_ccm.
650 _aLand Reforms Industry
942 _hX9(J)N52.2.N7, L1
_cGB
_2CC
999 _c658204
_d658204